Corporate Social Responsibility As a Topic of Economic Policy

Spoločenská zodpovednosť podniku je jedným zo základných cieľov Európskej stratégie 2020 a prispieva k naplneniu zámerov dohody Európskej Únie týkajúcej sa trvalo udržateľného rozvoja. Kvantitatívna analýza informácií udaných v roku 2015 vo výročných správach najväčších podnikov na Slovensku z hľadi...

Full description

Saved in:
Bibliographic Details
Main Author: Pakšiová, Renáta, 1974-
Other Authors: Lovciová, Kornélia, 1983-
Format: Book Chapter
Language:English
Subjects:
Tags: Add Tag
No Tags, Be the first to tag this record!

MARC

LEADER 00000nla a2200000 4500
001 0241414
005 20240502083647.8
041 0 |a eng 
044 |a CZ 
245 1 0 |a Corporate Social Responsibility As a Topic of Economic Policy  |c Renáta Pakšiová, Kornélia Lovciová 
520 |a Spoločenská zodpovednosť podniku je jedným zo základných cieľov Európskej stratégie 2020 a prispieva k naplneniu zámerov dohody Európskej Únie týkajúcej sa trvalo udržateľného rozvoja. Kvantitatívna analýza informácií udaných v roku 2015 vo výročných správach najväčších podnikov na Slovensku z hľadiska faktov týkajúcich sa sociálnej zodpovednosti. 
610 2 0 |a zodpovednosť podniku spoločenská 
610 2 0 |a korporácie 
610 2 0 |a rozvoj trvalo udržateľný 
610 2 0 |a informatika ekonomická 
610 2 0 |a analýza kvantitatívna 
610 2 0 |a dohody medzinárodné 
610 2 0 |a správy výročné 
610 2 0 |a plánovanie strategické 
610 2 0 |a Európska únia 
100 1 |a Pakšiová, Renáta, 1974- 
700 1 |a Lovciová, Kornélia, 1983-